| 000 | 00377nam a2200145Ia 4500 | ||
|---|---|---|---|
| 008 | 230917s9999||||xx |||||||||||||| ||und|| | ||
| 040 |
_e123160 _aMAIN |
||
| 041 | _aEnglish | ||
| 082 | _a657.48 S41T | ||
| 100 | _aSehgal, Ashok | ||
| 245 | 0 | _aTaxmann's Financial Accounting: Comprehensive Text Book | |
| 250 | _a3rd ed. | ||
| 260 |
_aNew Delhi _bTaxmann _c2008 |
||
| 942 | _cBK | ||
| 999 |
_c145616 _d145616 |
||